000 00458nam a2200193Ia 4500
005 20240823053151.0
008 240823s9999||||xx |||||||||||||| ||und||
020 _a81-7008-618-3
041 _aENGLISH
082 _A624.17 Q4
100 _aPunmia B C [etal]
245 0 _aTheory of Structures
250 _a20th
260 _c2014
_bLaxmi Publication (P
_aNew Delhi
500 _aYES
650 _aStructures
_bCivil
942 _cBK
999 _c223556
_d223556